Quality of selected fruits and vegetables of North America : based on a symposium sponsored by the Division of Agricultural and Food Chemistry at the second Chemical Congress of the North American Continent (180th ACS national meeting) Las Vegas, Nevada, August 24-29, 1980 /
Salvato in:
| Enti autori: | , , , |
|---|---|
| Altri autori: | , |
| Natura: | Atti del Convegno Libro |
| Lingua: | inglese |
| Pubblicazione: |
Washington, D.C.
American Chemical Society
1981.
|
| Serie: | ACS symposium series,
170 |
| Soggetti: | |
| Accesso online: | Visualizza in OPAC |
| Tags: |
Nessun Tag, puoi essere il primo ad aggiungerne!!
|
MARC
| LEADER | 00000cam a2200000 a 4500 | ||
|---|---|---|---|
| 005 | 20260127134315.0 | ||
| 008 | 050517s1981 dcua b 101 0 eng | ||
| 010 | |a 81-014853 | ||
| 020 | |a 0841206627 | ||
| 035 | |a vtls008154315 | ||
| 035 | |a 4206427 | ||
| 039 | 9 | |y 200505171005 |z mschk03 | |
| 040 | |a STUSCHK1 |b slo |c STUSCHK1 | ||
| 082 | 0 | 0 | |a 635 |2 19 |
| 245 | 0 | 0 | |a Quality of selected fruits and vegetables of North America : |b based on a symposium sponsored by the Division of Agricultural and Food Chemistry at the second Chemical Congress of the North American Continent (180th ACS national meeting) Las Vegas, Nevada, August 24-29, 1980 / |c Roy Teranishi, editor, Heriberto Barrera-Benitez, editor. |
| 260 | |a Washington, D.C. |b American Chemical Society |c 1981. | ||
| 300 | |a ix, 240 p. |b ill. |c 23 cm. | ||
| 440 | 0 | |a ACS symposium series, |x 0097-6156 ; |v 170 | |
| 500 | |a Mostly papers presented at the Symposium on Quality of Fruits and Vegetables of North America, held during the second Chemical Congress of the North American Continent, which included the 180th National American Chemical Society meeting. | ||
| 504 | |a Includes bibliographical references and index. | ||
| 650 | 0 | |a Fruit |x Quality |x Congresses. | |
| 650 | 0 | |a Vegetables |x Quality |x Congresses. | |
| 650 | 0 | |a Fruit |x Composition |x Congresses. | |
| 650 | 0 | |a Vegetables |x Composition |x Congresses. | |
| 650 | 0 | |a Fruit |z North America |x Quality |x Congresses. | |
| 650 | 0 | |a Vegetables |z North America |x Quality |x Congresses. | |
| 700 | 1 | |a Teranishi, Roy, |d 1922- | |
| 700 | 1 | |a Barrera-Benitez, Heriberto, |d 1939- | |
| 710 | 2 | |a American Chemical Society. |b Division of Agricultural and Food Chemistry. | |
| 710 | 2 | |a American Chemical Society. | |
| 711 | 2 | |a Chemical Congress of the North American Continent |n (2. |d 1980 : |c Las Vegas, Nev.) | |
| 711 | 2 | |a Symposium on Quality of Fruits and Vegetables of North America |d (1980 : |c Las Vegas, Nev.) |9 581 | |
| 906 | |a 7 |b cbc |c orignew |d 1 |e ocip |f 19 |g y-gencatlg | ||
| 910 | |a SCHK95 | ||
| 919 | |a 0-8412-0662-7 | ||
| 991 | |b c-GenColl |h SB360.6 |i .Q34 |p 00009291611 |t Copy 1 |w BOOKS | ||
| 999 | |c 9367 |d 9367 | ||